[Event "World Chess Olympiad 2018"]
[Site "Batumi"]
[Date "2018.09.27"]
[Round "4"]
[Board "3"]
[WhiteFideId "101710"]
[White "Rodi Luis Ernesto"]
[BlackFideId "15000605"]
[Black "Nedev Trajko"]
[Result "0-1"]
[LiveChessVersion "1.4.8"]
[BlackElo "2496"]
[WhiteElo "2308"]

1. e4 {[%clk 1:30:52]} c5 {[%clk 1:30:56]} 2. Nf3 {[%clk 1:31:13]} Nc6
{[%clk 1:31:20]} 3. d4 {[%clk 1:31:12]} cxd4 {[%clk 1:31:44]} 4. Nxd4
{[%clk 1:31:36]} Nf6 {[%clk 1:31:43]} 5. Nc3 {[%clk 1:31:58]} e5 {[%clk 1:32:08]}
6. Ndb5 {[%clk 1:32:22]} d6 {[%clk 1:32:33]} 7. Bg5 {[%clk 1:32:46]} a6
{[%clk 1:32:59]} 8. Na3 {[%clk 1:33:08]} b5 {[%clk 1:33:23]} 9. Nd5
{[%clk 1:33:15]} Be7 {[%clk 1:33:47]} 10. Bxf6 {[%clk 1:33:37]} Bxf6
{[%clk 1:34:10]} 11. c3 {[%clk 1:33:51]} Bg5 {[%clk 1:32:06]} 12. Nc2
{[%clk 1:34:04]} Ne7 {[%clk 1:30:25]} 13. Ncb4 {[%clk 1:29:01]} O-O
{[%clk 1:27:19]} 14. Nxe7+ {[%clk 1:27:35]} Qxe7 {[%clk 1:27:15]} 15. Nd5
{[%clk 1:27:46]} Qb7 {[%clk 1:27:33]} 16. h4 {[%clk 1:24:25]} Bd8
{[%clk 1:16:25]} 17. g3 {[%clk 1:15:50]} Be6 {[%clk 1:11:10]} 18. Bg2
{[%clk 1:14:08]} Bxd5 {[%clk 1:08:19]} 19. Qxd5 {[%clk 1:10:23]} Qxd5
{[%clk 1:08:37]} 20. exd5 {[%clk 1:10:50]} a5 {[%clk 1:07:53]} 21. Bf1
{[%clk 1:03:13]} b4 {[%clk 1:02:02]} 22. Bb5 {[%clk 0:56:27]} Rb8
{[%clk 1:01:54]} 23. c4 {[%clk 0:55:49]} Bb6 {[%clk 1:02:17]} 24. Rc1
{[%clk 0:54:51]} f5 {[%clk 1:01:04]} 25. O-O {[%clk 0:52:27]} Bd4
{[%clk 0:41:37]} 26. b3 {[%clk 0:52:01]} Rb7 {[%clk 0:33:18]} 27. Kg2
{[%clk 0:52:02]} e4 {[%clk 0:33:45]} 28. f3 {[%clk 0:44:18]} e3 {[%clk 0:33:35]}
29. f4 {[%clk 0:44:05]} Re7 {[%clk 0:33:17]} 30. Rc2 {[%clk 0:43:44]} g6
{[%clk 0:31:58]} 31. Kf3 {[%clk 0:43:54]} h6 {[%clk 0:31:35]} 32. Re2
{[%clk 0:44:08]} Kg7 {[%clk 0:31:50]} 33. Rd1 {[%clk 0:44:26]} Bc5
{[%clk 0:32:02]} 34. Bc6 {[%clk 0:43:07]} Kf6 {[%clk 0:31:33]} 35. Rh1
{[%clk 0:41:45]} Rg8 {[%clk 0:25:06]} 36. Bb5 {[%clk 0:40:29]} Reg7
{[%clk 0:24:43]} 37. Reh2 {[%clk 0:37:45]} Re7 {[%clk 0:19:13]} 38. Re2
{[%clk 0:38:03]} Rgg7 {[%clk 0:18:25]} 39. Bc6 {[%clk 0:37:08]} Re4
{[%clk 0:18:15]} 40. Bb5 {[%clk 1:00:07]} Ke7 {[%clk 0:46:52]} 41. Bc6
{[%clk 0:59:10]} Kd8 {[%clk 0:46:55]} 42. Bb5 {[%clk 0:57:41]} Kc7
{[%clk 0:47:09]} 43. Bc6 {[%clk 0:56:39]} Kb6 {[%clk 0:46:53]} 44. Bb5
{[%clk 0:57:01]} Bd4 {[%clk 0:46:29]} 45. Ba4 {[%clk 0:54:55]} Kc5
{[%clk 0:40:40]} 46. Bb5 {[%clk 0:54:36]} Rge7 {[%clk 0:36:52]} 47. Bc6
{[%clk 0:41:30]} Bc3 {[%clk 0:36:30]} 48. Ba4 {[%clk 0:41:55]} Kd4
{[%clk 0:30:05]} 49. Bb5 {[%clk 0:36:04]} h5 {[%clk 0:25:16]} 50. Rb1
{[%clk 0:29:06]} Bd2 {[%clk 0:23:30]} 51. Bc6 {[%clk 0:25:41]} Rc7
{[%clk 0:23:38]} 52. Ba4 {[%clk 0:22:34]} Kc3 {[%clk 0:23:42]} 53. Rg1
{[%clk 0:21:32]} Kb2 {[%clk 0:20:03]} 54. g4 {[%clk 0:18:12]} hxg4+
{[%clk 0:17:51]} 55. Rxg4 {[%clk 0:17:25]} Rh7 {[%clk 0:18:09]} 56. Rxg6
{[%clk 0:17:42]} Rxh4 {[%clk 0:18:32]} 57. c5 {[%clk 0:16:04]} Rhxf4+
{[%clk 0:17:49]} 58. Kg3 {[%clk 0:16:14]} dxc5 {[%clk 0:17:41]} 59. d6
{[%clk 0:16:29]} Rg4+ {[%clk 0:13:24]} 60. Rxg4 {[%clk 0:16:52]} fxg4
{[%clk 0:13:24]} 61. d7 {[%clk 0:13:01]} Rd4 {[%clk 0:13:50]} 62. Bb5
{[%clk 0:13:01]} Kxa2 {[%clk 0:14:08]} 63. Rh2 {[%clk 0:13:27]} Kxb3
{[%clk 0:13:39]} 64. Rh8 {[%clk 0:13:40]} e2 {[%clk 0:13:26]} 65. Bxe2
{[%clk 0:13:53]} Rxd7 {[%clk 0:13:51]} 66. Ra8 {[%clk 0:13:57]} Be1+
{[%clk 0:13:48]} 67. Kxg4 {[%clk 0:14:19]} a4 {[%clk 0:13:56]} 0-1

[Event "World Chess Olympiad 2018"]
[Site "Batumi"]
[Date "2018.09.27"]
[Round "4"]
[Board "4"]
[WhiteFideId "15002314"]
[White "Nikolovski Nikola"]
[BlackFideId "3000486"]
[Black "Muniz Rafael"]
[Result "1-0"]
[LiveChessVersion "1.4.8"]
[BlackElo "2248"]
[WhiteElo "2388"]

1. e4 {[%clk 1:30:53]} c5 {[%clk 1:30:56]} 2. Nf3 {[%clk 1:31:13]} d6
{[%clk 1:31:19]} 3. d4 {[%clk 1:31:28]} cxd4 {[%clk 1:31:43]} 4. Nxd4
{[%clk 1:31:36]} Nf6 {[%clk 1:32:08]} 5. Nc3 {[%clk 1:31:38]} a6 {[%clk 1:32:30]}
6. Bg5 {[%clk 1:31:18]} e6 {[%clk 1:32:47]} 7. f4 {[%clk 1:31:29]} Be7
{[%clk 1:32:42]} 8. Qf3 {[%clk 1:31:17]} h6 {[%clk 1:32:36]} 9. Bh4
{[%clk 1:30:41]} Qc7 {[%clk 1:32:43]} 10. O-O-O {[%clk 1:29:02]} Nbd7
{[%clk 1:33:01]} 11. Be2 {[%clk 1:26:06]} Rb8 {[%clk 1:31:11]} 12. Qg3
{[%clk 1:26:28]} Rg8 {[%clk 1:29:43]} 13. Nxe6 {[%clk 1:25:13]} fxe6
{[%clk 1:26:32]} 14. Qg6+ {[%clk 1:25:26]} Kf8 {[%clk 1:23:36]} 15. Rhf1
{[%clk 1:19:43]} b5 {[%clk 1:13:18]} 16. e5 {[%clk 1:11:41]} Bb7 {[%clk 0:49:10]}
17. Bh5 {[%clk 1:03:13]} Nxh5 {[%clk 0:47:25]} 18. Bxe7+ {[%clk 1:03:00]} Kxe7
{[%clk 0:47:21]} 19. exd6+ {[%clk 1:03:12]} Qxd6 {[%clk 0:47:18]} 20. Rxd6
{[%clk 1:03:29]} Kxd6 {[%clk 0:47:37]} 21. Qxh5 {[%clk 1:03:30]} Rbf8
{[%clk 0:44:52]} 22. g3 {[%clk 0:56:41]} Kc7 {[%clk 0:42:47]} 23. a4
{[%clk 0:55:02]} bxa4 {[%clk 0:40:53]} 24. Qa5+ {[%clk 0:53:58]} Kb8
{[%clk 0:40:36]} 25. Rd1 {[%clk 0:53:54]} Rf5 {[%clk 0:39:41]} 26. Qb4
{[%clk 0:48:12]} Nc5 {[%clk 0:37:54]} 27. g4 {[%clk 0:47:33]} 1-0

[Event "World Chess Olympiad 2018"]
[Site "Batumi"]
[Date "2018.09.27"]
[Round "4"]
[Board "1"]
[WhiteFideId "14001101"]
[White "Atabayev Maksat"]
[BlackFideId "7105029"]
[Black "Priasmoro Novendra"]
[Result "1/2-1/2"]
[LiveChessVersion "1.4.8"]
[BlackElo "2498"]
[WhiteElo "2505"]

1. e4 {[%clk 1:30:34]} c5 {[%clk 1:30:12]} 2. Nf3 {[%clk 1:30:16]} Nc6
{[%clk 1:30:13]} 3. c3 {[%clk 1:29:28]} d5 {[%clk 1:29:13]} 4. exd5
{[%clk 1:29:48]} Qxd5 {[%clk 1:29:34]} 5. d4 {[%clk 1:29:58]} e6 {[%clk 1:27:38]}
6. Na3 {[%clk 1:29:18]} Nf6 {[%clk 1:22:14]} 7. Nb5 {[%clk 1:23:56]} Qd8
{[%clk 1:22:04]} 8. dxc5 {[%clk 1:24:15]} Bxc5 {[%clk 1:21:30]} 9. Qxd8+
{[%clk 1:24:33]} Kxd8 {[%clk 1:21:57]} 10. Bf4 {[%clk 1:17:56]} Ne4
{[%clk 1:17:59]} 11. Bg3 {[%clk 1:02:51]} a6 {[%clk 1:06:44]} 12. Nbd4
{[%clk 1:01:15]} Nxd4 {[%clk 1:03:28]} 13. Nxd4 {[%clk 1:01:23]} Nxg3
{[%clk 0:59:42]} 14. hxg3 {[%clk 1:01:52]} Ke7 {[%clk 0:59:57]} 15. Nb3
{[%clk 1:01:42]} Ba7 {[%clk 0:59:25]} 16. Be2 {[%clk 1:02:01]} Rb8
{[%clk 0:48:37]} 17. Bf3 {[%clk 1:02:23]} Bd7 {[%clk 0:48:26]} 18. Rh4
{[%clk 0:58:04]} h6 {[%clk 0:46:49]} 19. a4 {[%clk 0:56:55]} Rhc8
{[%clk 0:44:22]} 20. Rb4 {[%clk 0:56:53]} Bc6 {[%clk 0:41:04]} 21. Bxc6
{[%clk 0:55:44]} Rxc6 {[%clk 0:41:14]} 22. Rd1 {[%clk 0:56:11]} h5
{[%clk 0:35:55]} 23. Ke2 {[%clk 0:52:46]} g6 {[%clk 0:34:11]} 24. Rd3
{[%clk 0:49:45]} e5 {[%clk 0:25:07]} 25. Na5 {[%clk 0:47:18]} Rb6
{[%clk 0:24:45]} 26. Rxb6 {[%clk 0:44:25]} Bxb6 {[%clk 0:25:13]} 27. Nc4
{[%clk 0:44:54]} Bc7 {[%clk 0:25:12]} 28. a5 {[%clk 0:44:15]} Ke6
{[%clk 0:24:59]} 29. b4 {[%clk 0:43:44]} f5 {[%clk 0:25:06]} 30. Ne3
{[%clk 0:43:35]} g5 {[%clk 0:18:49]} 31. Nd5 {[%clk 0:43:21]} Bd6
{[%clk 0:18:19]} 32. c4 {[%clk 0:43:36]} e4 {[%clk 0:17:06]} 33. Rd1
{[%clk 0:41:33]} h4 {[%clk 0:15:20]} 34. Rh1 {[%clk 0:38:17]} Rc8
{[%clk 0:13:36]} 35. Nb6 {[%clk 0:38:09]} Rh8 {[%clk 0:13:46]} 36. c5
{[%clk 0:36:17]} Bc7 {[%clk 0:13:45]} 37. gxh4 {[%clk 0:34:46]} gxh4
{[%clk 0:13:17]} 38. Rc1 {[%clk 0:35:07]} Bf4 {[%clk 0:04:10]} 39. Rc2
{[%clk 0:35:08]} Rh7 {[%clk 0:04:03]} 40. Rc4 {[%clk 1:02:56]} Rc7
{[%clk 0:31:39]} 41. Kf1 {[%clk 0:56:07]} Ke5 {[%clk 0:28:35]} 42. Ke2
{[%clk 0:53:42]} Bh6 {[%clk 0:27:32]} 43. Rc3 {[%clk 0:52:58]} Bg5
{[%clk 0:22:34]} 44. Rc2 {[%clk 0:47:34]} Bf4 {[%clk 0:18:37]} 45. Kf1
{[%clk 0:47:34]} Ke6 {[%clk 0:17:26]} 46. Rc4 {[%clk 0:47:35]} Ke5
{[%clk 0:17:22]} 47. Rc2 {[%clk 0:48:00]} Bh6 {[%clk 0:15:22]} 48. Ke2
{[%clk 0:48:21]} h3 {[%clk 0:10:43]} 49. gxh3 {[%clk 0:48:30]} f4
{[%clk 0:11:13]} 50. f3 {[%clk 0:38:52]} Rg7 {[%clk 0:11:04]} 51. c6
{[%clk 0:39:06]} exf3+ {[%clk 0:07:57]} 52. Kxf3 {[%clk 0:39:10]} Rg3+
{[%clk 0:08:23]} 53. Kf2 {[%clk 0:39:35]} bxc6 {[%clk 0:08:35]} 54. Rxc6
{[%clk 0:38:30]} Bg7 {[%clk 0:07:38]} 55. Nc4+ {[%clk 0:28:45]} Kd5
{[%clk 0:07:15]} 56. Rc5+ {[%clk 0:29:03]} Ke6 {[%clk 0:07:41]} 57. Rc6+
{[%clk 0:29:23]} Kd5 {[%clk 0:07:49]} 58. Rc5+ {[%clk 0:29:40]} Ke6
{[%clk 0:07:24]} 59. Rc6+ {[%clk 0:29:59]} Kd5 {[%clk 0:07:37]} 1/2-1/2

[Event "World Chess Olympiad 2018"]
[Site "Batumi"]
[Date "2018.09.27"]
[Round "4"]
[Board "2"]
[WhiteFideId "7101554"]
[White "Cuhendi Sean Winshand"]
[BlackFideId "14000571"]
[Black "Atabayev Saparmyrat"]
[Result "1-0"]
[LiveChessVersion "1.4.8"]
[BlackElo "2443"]
[WhiteElo "2441"]

1. e4 {[%clk 1:30:40]} e5 {[%clk 1:30:47]} 2. Nf3 {[%clk 1:30:56]} Nc6
{[%clk 1:31:15]} 3. Bc4 {[%clk 1:29:27]} Bc5 {[%clk 1:31:40]} 4. O-O
{[%clk 1:29:38]} Nf6 {[%clk 1:32:08]} 5. d3 {[%clk 1:29:15]} d6 {[%clk 1:32:31]}
6. c3 {[%clk 1:29:06]} a6 {[%clk 1:31:34]} 7. Bb3 {[%clk 1:26:49]} h6
{[%clk 1:31:25]} 8. Nbd2 {[%clk 1:26:57]} g5 {[%clk 1:24:34]} 9. Re1
{[%clk 1:24:25]} Ba7 {[%clk 1:15:56]} 10. d4 {[%clk 1:16:07]} Bg4
{[%clk 1:09:18]} 11. Nc4 {[%clk 1:09:46]} Bh5 {[%clk 0:53:44]} 12. Qd3
{[%clk 0:49:58]} Bg6 {[%clk 0:35:55]} 13. dxe5 {[%clk 0:42:43]} Nxe4
{[%clk 0:29:12]} 14. Be3 {[%clk 0:24:49]} Nxf2 {[%clk 0:18:56]} 15. Qf1
{[%clk 0:23:28]} Bxe3 {[%clk 0:17:42]} 16. Rxe3 {[%clk 0:16:56]} Ng4
{[%clk 0:17:57]} 17. Ree1 {[%clk 0:16:21]} O-O {[%clk 0:16:22]} 18. Rad1
{[%clk 0:16:36]} b5 {[%clk 0:13:32]} 19. Nxd6 {[%clk 0:13:26]} Qe7
{[%clk 0:10:26]} 20. e6 {[%clk 0:07:29]} Kh7 {[%clk 0:03:04]} 21. Nb7
{[%clk 0:04:00]} Ra7 {[%clk 0:01:18]} 22. Rd7 {[%clk 0:03:48]} Qf6
{[%clk 0:01:47]} 23. Nc5 {[%clk 0:03:49]} Qf5 {[%clk 0:01:51]} 24. Rd5
{[%clk 0:03:32]} Qf4 {[%clk 0:02:18]} 25. g3 {[%clk 0:03:27]} Qf6
{[%clk 0:02:19]} 26. Nd7 {[%clk 0:03:52]} Qg7 {[%clk 0:02:38]} 27. Nxf8+
{[%clk 0:03:42]} Qxf8 {[%clk 0:03:07]} 28. Nd4 {[%clk 0:03:56]} Nce5
{[%clk 0:02:02]} 29. Rdxe5 {[%clk 0:03:43]} Nxe5 {[%clk 0:02:30]} 30. Rxe5
{[%clk 0:04:08]} c5 {[%clk 0:02:42]} 31. Nc6 {[%clk 0:03:47]} Rc7
{[%clk 0:02:56]} 32. e7 {[%clk 0:04:12]} Qe8 {[%clk 0:03:11]} 33. Bd5
{[%clk 0:04:34]} Rd7 {[%clk 0:03:35]} 34. Qf6 {[%clk 0:04:54]} c4
{[%clk 0:03:45]} 35. Nd4 {[%clk 0:05:10]} Rc7 {[%clk 0:02:47]} 36. Bc6
{[%clk 0:05:27]} 1-0

[Event "World Chess Olympiad 2018"]
[Site "Batumi"]
[Date "2018.09.27"]
[Round "4"]
[Board "3"]
[WhiteFideId "14003937"]
[White "Nurmamedov Azat"]
[BlackFideId "7101589"]
[Black "Setyaki Azarya Jodi"]
[Result "0-1"]
[LiveChessVersion "1.4.8"]
[BlackElo "2316"]
[WhiteElo "2349"]

1. d4 {[%clk 1:30:59]} Nf6 {[%clk 1:30:51]} 2. c4 {[%clk 1:31:16]} d6
{[%clk 1:31:11]} 3. g3 {[%clk 1:29:41]} g6 {[%clk 1:31:28]} 4. Bg2
{[%clk 1:29:55]} Bg7 {[%clk 1:31:40]} 5. Nf3 {[%clk 1:29:27]} O-O
{[%clk 1:32:04]} 6. O-O {[%clk 1:28:24]} Nbd7 {[%clk 1:32:24]} 7. Nc3
{[%clk 1:26:26]} e5 {[%clk 1:32:45]} 8. dxe5 {[%clk 1:25:30]} dxe5
{[%clk 1:33:02]} 9. b3 {[%clk 1:15:36]} Re8 {[%clk 1:27:47]} 10. Be3
{[%clk 1:06:33]} e4 {[%clk 1:09:57]} 11. Ne1 {[%clk 0:40:58]} Ng4
{[%clk 1:05:18]} 12. Bd4 {[%clk 0:40:16]} e3 {[%clk 0:58:26]} 13. fxe3
{[%clk 0:37:05]} Nxe3 {[%clk 0:56:53]} 14. Bxe3 {[%clk 0:37:32]} Rxe3
{[%clk 0:56:20]} 15. Nd5 {[%clk 0:37:55]} Re8 {[%clk 0:55:51]} 16. Rc1
{[%clk 0:37:59]} c6 {[%clk 0:55:48]} 17. Nf4 {[%clk 0:37:09]} Qb6+
{[%clk 0:43:29]} 18. Kh1 {[%clk 0:37:38]} Ne5 {[%clk 0:43:21]} 19. Qd2
{[%clk 0:34:03]} Bg4 {[%clk 0:40:26]} 20. Ned3 {[%clk 0:29:27]} Rad8
{[%clk 0:40:43]} 21. Rce1 {[%clk 0:27:17]} Bc8 {[%clk 0:30:34]} 22. h3
{[%clk 0:24:57]} Nd7 {[%clk 0:26:55]} 23. Qc2 {[%clk 0:23:34]} Nc5
{[%clk 0:26:31]} 24. Nxc5 {[%clk 0:22:45]} Qxc5 {[%clk 0:26:59]} 25. Rf3
{[%clk 0:21:40]} Qa5 {[%clk 0:25:28]} 26. Ref1 {[%clk 0:19:22]} Rd2
{[%clk 0:24:49]} 27. Qc1 {[%clk 0:17:56]} Qxa2 {[%clk 0:21:28]} 28. c5
{[%clk 0:18:11]} Rc2 {[%clk 0:18:05]} 29. Qe1 {[%clk 0:17:44]} Rxc5
{[%clk 0:17:59]} 30. g4 {[%clk 0:18:01]} Rce5 {[%clk 0:16:25]} 31. Qc1
{[%clk 0:16:02]} Qa6 {[%clk 0:14:26]} 32. Qd1 {[%clk 0:15:27]} Ra5
{[%clk 0:12:51]} 33. Nd3 {[%clk 0:14:43]} Ra1 34. Qc2 Rxf1+ {[%clk 0:12:39]} 35.
Rxf1 {[%clk 0:15:42]} Qb5 {[%clk 0:11:57]} 36. Rb1 {[%clk 0:14:36]} h5
{[%clk 0:11:33]} 37. Bf3 {[%clk 0:14:27]} hxg4 {[%clk 0:10:30]} 38. hxg4
{[%clk 0:14:55]} Qg5 {[%clk 0:10:43]} 39. Qc4 {[%clk 0:14:58]} Be6
{[%clk 0:08:51]} 40. Qb4 {[%clk 0:44:55]} Bd5 {[%clk 0:38:43]} 41. Qf4
{[%clk 0:42:57]} Qxf4 {[%clk 0:32:30]} 42. Nxf4 {[%clk 0:43:26]} Bxf3+
{[%clk 0:32:53]} 43. exf3 {[%clk 0:43:51]} Re3 {[%clk 0:33:14]} 44. Kg2
{[%clk 0:44:17]} Be5 {[%clk 0:33:41]} 45. Nh3 {[%clk 0:44:19]} Re2+
{[%clk 0:33:49]} 46. Kg1 {[%clk 0:44:44]} Bd4+ {[%clk 0:31:57]} 47. Kh1
{[%clk 0:45:13]} a5 {[%clk 0:32:16]} 48. Ng5 {[%clk 0:45:28]} b5 {[%clk 0:32:12]}
49. Ne4 {[%clk 0:45:50]} c5 {[%clk 0:32:12]} 50. g5 {[%clk 0:45:52]} Kf8
{[%clk 0:28:28]} 51. Nd6 {[%clk 0:45:41]} b4 {[%clk 0:28:47]} 52. Nc4
{[%clk 0:45:45]} Rf2 {[%clk 0:28:56]} 53. Nxa5 {[%clk 0:45:15]} Rxf3
{[%clk 0:29:17]} 54. Nc6 {[%clk 0:45:26]} Rg3 {[%clk 0:29:22]} 55. Rd1
{[%clk 0:45:38]} Rxg5 {[%clk 0:29:34]} 56. Nxd4 {[%clk 0:46:06]} Rd5
{[%clk 0:29:57]} 0-1

[Event "World Chess Olympiad 2018"]
[Site "Batumi"]
[Date "2018.09.27"]
[Round "4"]
[Board "4"]
[WhiteFideId "7103255"]
[White "Andyka Pitra"]
[BlackFideId "14001128"]
[Black "Atabayev Yusup"]
[Result "1/2-1/2"]
[LiveChessVersion "1.4.8"]
[BlackElo "2411"]
[WhiteElo "2274"]

1. Nf3 {[%clk 1:30:55]} Nf6 {[%clk 1:30:06]} 2. c4 {[%clk 1:31:12]} e6
{[%clk 1:30:00]} 3. g3 {[%clk 1:31:19]} d5 {[%clk 1:29:24]} 4. Bg2
{[%clk 1:31:18]} c6 {[%clk 1:28:53]} 5. O-O {[%clk 1:27:28]} Bd6 {[%clk 1:28:44]}
6. d4 {[%clk 1:25:17]} O-O {[%clk 1:29:04]} 7. Nbd2 {[%clk 1:23:33]} Nbd7
{[%clk 1:29:06]} 8. Qc2 {[%clk 1:22:44]} c5 {[%clk 1:28:19]} 9. dxc5
{[%clk 1:17:26]} Bxc5 {[%clk 1:28:24]} 10. a3 {[%clk 1:15:39]} b6
{[%clk 1:25:35]} 11. cxd5 {[%clk 1:12:47]} exd5 {[%clk 1:25:33]} 12. b4
{[%clk 1:12:55]} Be7 {[%clk 1:25:58]} 13. Bb2 {[%clk 1:12:30]} Ba6
{[%clk 1:24:28]} 14. Nd4 {[%clk 1:11:47]} Ne5 {[%clk 1:24:05]} 15. b5
{[%clk 1:03:28]} Bb7 {[%clk 1:23:35]} 16. Rac1 {[%clk 0:59:55]} Bc5
{[%clk 1:18:45]} 17. N2b3 {[%clk 0:49:19]} Rc8 {[%clk 1:16:23]} 18. Nxc5
{[%clk 0:49:22]} bxc5 {[%clk 1:16:28]} 19. Nf5 {[%clk 0:40:52]} Re8
{[%clk 1:15:29]} 20. Rfd1 {[%clk 0:38:40]} Qb6 {[%clk 1:12:52]} 21. a4
{[%clk 0:35:39]} a5 {[%clk 1:12:17]} 22. Qd2 {[%clk 0:30:56]} Ng6
{[%clk 0:54:38]} 23. Bxf6 {[%clk 0:16:06]} Qxf6 {[%clk 0:55:02]} 24. Ne3
{[%clk 0:16:22]} d4 {[%clk 0:53:56]} 25. Bxb7 {[%clk 0:15:56]} dxe3
{[%clk 0:53:51]} 26. fxe3 {[%clk 0:16:20]} Rcd8 {[%clk 0:54:12]} 27. Qxa5
{[%clk 0:16:08]} Qe7 {[%clk 0:53:36]} 28. Bf3 {[%clk 0:14:43]} Qxe3+
{[%clk 0:53:30]} 29. Kg2 {[%clk 0:13:10]} Rd4 {[%clk 0:53:17]} 30. Rxd4
{[%clk 0:11:19]} cxd4 {[%clk 0:53:45]} 31. Rd1 {[%clk 0:11:32]} Ne5
{[%clk 0:53:19]} 32. Qd2 {[%clk 0:11:19]} Qb3 {[%clk 0:53:26]} 33. Qxd4
{[%clk 0:07:53]} Nxf3 {[%clk 0:53:46]} 34. exf3 {[%clk 0:08:18]} Re2+
{[%clk 0:54:13]} 35. Kg1 {[%clk 0:06:53]} g6 {[%clk 0:54:38]} 36. Rc1
{[%clk 0:06:44]} Qe6 {[%clk 0:54:54]} 37. g4 {[%clk 0:04:25]} h5 {[%clk 0:56:05]}
38. h3 {[%clk 0:33:58]} Kh7 {[%clk 1:25:48]} 39. Rf1 {[%clk 0:22:07]} Ra2
{[%clk 1:26:04]} 40. Qf4 {[%clk 0:18:59]} h4 {[%clk 1:24:38]} 41. g5
{[%clk 0:12:52]} Kg8 {[%clk 1:24:18]} 42. Rd1 {[%clk 0:12:24]} Qe7
{[%clk 1:24:15]} 43. Qf6 {[%clk 0:11:21]} Qe3+ {[%clk 1:21:57]} 44. Kh1
{[%clk 0:11:44]} Rd2 {[%clk 1:22:26]} 45. Rxd2 {[%clk 0:11:55]} Qxd2
{[%clk 1:22:55]} 46. b6 {[%clk 0:11:27]} Qe1+ {[%clk 1:23:17]} 47. Kg2
{[%clk 0:11:54]} Qe2+ {[%clk 1:23:44]} 1/2-1/2

[Event "World Chess Olympiad 2018"]
[Site "Batumi"]
[Date "2018.09.27"]
[Round "4"]
[Board "1"]
[WhiteFideId "1610856"]
[White "Ragger Markus"]
[BlackFideId "7000812"]
[Black "Kojima Shinya"]
[Result "1-0"]
[LiveChessVersion "1.4.8"]
[BlackElo "2408"]
[WhiteElo "2686"]

1. e4 {[%clk 1:30:57]} c6 {[%clk 1:30:50]} 2. Nc3 {[%clk 1:31:21]} d5
{[%clk 1:31:02]} 3. Nf3 {[%clk 1:31:48]} Bg4 {[%clk 1:30:58]} 4. h3
{[%clk 1:32:15]} Bxf3 {[%clk 1:31:22]} 5. Qxf3 {[%clk 1:32:40]} e6
{[%clk 1:31:44]} 6. Be2 {[%clk 1:33:06]} g6 {[%clk 1:25:23]} 7. d4
{[%clk 1:32:47]} Bg7 {[%clk 1:23:55]} 8. Be3 {[%clk 1:33:00]} Nf6
{[%clk 1:13:35]} 9. e5 {[%clk 1:18:13]} Nfd7 {[%clk 1:12:27]} 10. h4
{[%clk 1:15:27]} h5 {[%clk 0:58:06]} 11. g4 {[%clk 1:12:01]} hxg4
{[%clk 0:54:34]} 12. Qxg4 {[%clk 1:09:49]} c5 {[%clk 0:51:32]} 13. f4
{[%clk 0:54:14]} cxd4 {[%clk 0:50:37]} 14. Bxd4 {[%clk 0:54:39]} Nc6
{[%clk 0:50:19]} 15. Bf2 {[%clk 0:53:22]} Qa5 {[%clk 0:43:59]} 16. O-O-O
{[%clk 0:52:59]} O-O-O {[%clk 0:41:01]} 17. Kb1 {[%clk 0:49:02]} Bf8
{[%clk 0:35:28]} 18. h5 {[%clk 0:47:02]} gxh5 {[%clk 0:32:49]} 19. Rxh5
{[%clk 0:46:32]} Bb4 {[%clk 0:29:29]} 20. Nb5 {[%clk 0:37:46]} a6
{[%clk 0:28:28]} 21. Nd4 {[%clk 0:35:04]} Nxd4 {[%clk 0:28:21]} 22. Bxd4
{[%clk 0:35:26]} Bc5 {[%clk 0:25:34]} 23. c3 {[%clk 0:32:27]} Bxd4
{[%clk 0:24:40]} 24. cxd4 {[%clk 0:30:33]} Kb8 {[%clk 0:19:42]} 25. f5
{[%clk 0:28:54]} Qb6 {[%clk 0:18:31]} 26. Qf4 {[%clk 0:25:45]} Ka7
{[%clk 0:15:43]} 27. a3 {[%clk 0:23:36]} Rc8 {[%clk 0:12:27]} 28. Qd2
{[%clk 0:20:49]} Nb8 {[%clk 0:08:57]} 29. Ka2 {[%clk 0:16:30]} Nc6
{[%clk 0:08:46]} 30. f6 {[%clk 0:15:42]} Rhg8 {[%clk 0:03:15]} 31. Rh7
{[%clk 0:14:19]} Rg2 {[%clk 0:03:31]} 32. Rxf7 {[%clk 0:13:33]} Na5
{[%clk 0:02:35]} 33. Rg7 {[%clk 0:04:57]} Qb3+ {[%clk 0:02:11]} 34. Kb1
{[%clk 0:05:03]} Rxe2 {[%clk 0:01:55]} 35. Qxe2 {[%clk 0:05:30]} Nc4
{[%clk 0:02:18]} 36. Ka1 {[%clk 0:04:32]} Nxb2 {[%clk 0:01:27]} 37. Rxb7+
{[%clk 0:04:02]} Qxb7 {[%clk 0:00:33]} 38. Qxb2 {[%clk 0:04:31]} Qc6
{[%clk 0:00:34]} 39. Rb1 {[%clk 0:03:21]} Qc7 {[%clk 0:00:32]} 40. Qb4
{[%clk 0:32:58]} 1-0

[Event "World Chess Olympiad 2018"]
[Site "Batumi"]
[Date "2018.09.27"]
[Round "4"]
[Board "2"]
[WhiteFideId "7000634"]
[White "Nanjo Ryosuke"]
[BlackFideId "1634852"]
[Black "Dragnev Valentin"]
[Result "1/2-1/2"]
[LiveChessVersion "1.4.8"]
[BlackElo "2508"]
[WhiteElo "2324"]

1. e4 {[%clk 1:30:57]} c6 {[%clk 1:30:43]} 2. d4 {[%clk 1:31:21]} d5
{[%clk 1:31:08]} 3. e5 {[%clk 1:31:48]} c5 {[%clk 1:31:25]} 4. dxc5
{[%clk 1:31:51]} e6 {[%clk 1:31:43]} 5. a3 {[%clk 1:31:08]} Bxc5 {[%clk 1:31:59]}
6. b4 {[%clk 1:30:22]} Bb6 {[%clk 1:31:44]} 7. Nf3 {[%clk 1:19:42]} Ne7
{[%clk 1:29:50]} 8. Bd3 {[%clk 1:17:36]} a5 {[%clk 1:30:02]} 9. Bb2
{[%clk 1:15:52]} axb4 {[%clk 1:26:54]} 10. axb4 {[%clk 1:16:17]} Rxa1
{[%clk 1:27:19]} 11. Bxa1 {[%clk 1:16:44]} Na6 {[%clk 1:27:40]} 12. c3
{[%clk 1:16:15]} Ng6 {[%clk 1:27:36]} 13. O-O {[%clk 1:14:02]} O-O
{[%clk 1:27:52]} 14. Nbd2 {[%clk 1:09:51]} Bd7 {[%clk 1:22:06]} 15. Re1
{[%clk 1:02:16]} Qe8 {[%clk 1:07:18]} 16. Qb1 {[%clk 0:54:48]} Bb5
{[%clk 0:57:33]} 17. c4 {[%clk 0:42:57]} dxc4 {[%clk 0:57:05]} 18. Nxc4
{[%clk 0:43:17]} Bxc4 {[%clk 0:55:13]} 19. Bxc4 {[%clk 0:43:42]} Qa4
{[%clk 0:55:21]} 20. Bc3 {[%clk 0:34:59]} Rc8 {[%clk 0:54:49]} 21. Re4
{[%clk 0:33:38]} Nc7 {[%clk 0:47:10]} 22. Bd2 {[%clk 0:21:47]} Ra8
{[%clk 0:31:15]} 23. Re1 {[%clk 0:15:53]} Qa7 {[%clk 0:29:50]} 24. Rf1
{[%clk 0:15:58]} Rd8 {[%clk 0:26:42]} 25. Qe4 {[%clk 0:08:25]} Nd5
{[%clk 0:20:17]} 26. h4 {[%clk 0:02:25]} Nf8 {[%clk 0:16:14]} 27. h5
{[%clk 0:01:55]} Qa4 {[%clk 0:15:34]} 28. Bxd5 {[%clk 0:00:36]} Rxd5
{[%clk 0:15:22]} 29. Qg4 {[%clk 0:00:45]} Bd8 {[%clk 0:08:43]} 30. g3
{[%clk 0:00:41]} Qd7 {[%clk 0:07:26]} 31. Bh6 {[%clk 0:00:39]} f5
{[%clk 0:07:20]} 32. exf6 {[%clk 0:00:50]} Bxf6 {[%clk 0:07:47]} 33. Be3
{[%clk 0:00:49]} e5 {[%clk 0:07:40]} 34. Qe4 {[%clk 0:01:07]} Ne6
{[%clk 0:07:55]} 35. Kg2 {[%clk 0:01:08]} Rb5 {[%clk 0:05:35]} 36. Ra1
{[%clk 0:00:57]} Qe8 {[%clk 0:04:48]} 37. Ra7 {[%clk 0:00:33]} Qc8
{[%clk 0:02:21]} 1/2-1/2